000
00183nam a2200085Ia 4500
008
140411s9999 xx 000 0 und d
100
_a
ANONIMO
245
_a
CAMBIOS PARA JOSEFINA
942
_a
BK
999
_c
23
_d
23